La disciplina della privacy e le organizzazioni di volontariato

Saved in:
Bibliografiske detaljer
Institution som forfatter: CELIVO Centro servizi per il volontariato della provincia di Genova
Andre forfattere: Capecchi, Marco (testi di)
Format: Bog
Sprog:engelsk
Udgivet: Genova CELIVO 2005
Tags: Tilføj Tag
Ingen Tags, Vær først til at tagge denne postø!

MARC

LEADER 00000nam a2200000 4500
005 20231122221459.0
008 231122b |||||||| |||| 00| 0 eng d
040 |c C 
110 |a CELIVO Centro servizi per il volontariato della provincia di Genova 
245 |a La disciplina della privacy e le organizzazioni di volontariato 
260 |a Genova  |b CELIVO  |c 2005 
700 |a Capecchi, Marco  |c (testi di) 
942 |2 ddc  |c BK  |n 0 
952 |0 0  |1 0  |2 ddc  |4 0  |6 344_000000000000000_CEL_DIS  |7 1  |9 309  |a GE  |b GE  |d 2015-03-08  |l 0  |o 344 CEL DIS  |p 2031  |r 2023-11-22 22:15:48  |w 2023-11-22  |y BK 
999 |c 224  |d 224